Το υπεύθυνο παιδί και πως να το μεγαλώσουμε : πρακτικός οδηγός για την αποδοτική ανατροφή του
Αποθηκεύτηκε σε:
| Κύριος συγγραφέας: | |
|---|---|
| Άλλοι συγγραφείς: | |
| Μορφή: | Βιβλίο |
| Γλώσσα: | Greek |
| Δημοσίευση: |
Αθήνα :
Θυμάρι,
1980
|
| Θέματα: | |
| Ετικέτες: |
Προσθήκη ετικέτας
Δεν υπάρχουν, Καταχωρήστε ετικέτα πρώτοι!
|
MARC
| LEADER | 00000nam a2200000 i 4500 | ||
|---|---|---|---|
| 001 | 1/74545 | ||
| 008 | 960726s1980 gre d | ||
| 035 | |a 1986 |c Αγορά |l 10031848 | ||
| 040 | |a GR-MY-UA |b gre |e aacr | ||
| 041 | 0 | |a gre | |
| 082 | 0 | |a 649.1 | |
| 100 | 1 | |a Dinkmeyer, Don C. | |
| 245 | 1 | 3 | |a Το υπεύθυνο παιδί και πως να το μεγαλώσουμε : |b πρακτικός οδηγός για την αποδοτική ανατροφή του / |c Don Dinkmeyer, Gary Mckay |
| 260 | |a Αθήνα : |b Θυμάρι, |c 1980 | ||
| 300 | |a 302 σ. | ||
| 650 | 0 | 0 | |a Child rearing. |
| 650 | 0 | 0 | |a Child psychology. |
| 650 | 0 | 0 | |a Parenting. |
| 700 | 1 | |a McKay, Gary. | |
| 852 | |a INST |b RHODES |e 19960726 |h 649.1 DIN |p 005400000839 |q 005400000839 |t BK |y 0 | ||
| 909 | |a Ρ |b 004992 |c 1986 | ||